000 00826nam a2200217Ia 4500
003 GCL
008 140319s9999 xx 000 0 ara d
040 _aGCL /
_cGCL
082 0 4 _a980.01
_bس ث
100 1 _aصالح علمانى
245 1 0 _aالثقافات الاميركية اللاتينية القديمة /
_cصالح علمانى
700 1 _aسيجورنه، لاوريت
260 _aسوريا :
_bوزارة الثقافة ،
_c2005
300 _a396 ص ؛
_c24 سم
490 _aالمشروع القومى للترجمة
_v0
650 0 4 _aامريكا الجنوبية - حضارة
650 0 4 _aامريكا الجنوبية - تاريخ
650 0 4 _aامريكا الجنوبية - اكتشاف
650 0 4 _aامريكا الجنوبية - الاحوال الثقافية
942 _2ddc
_cBK
999 _c10007
_d10007